[Event "AUTO-INT-2678"]
[Site "http://www.queenalice.com/game.php?id=1198902"]
[Date "2013.7.11"]
[Round "1"]
[White "daniel0176"]
[Black "Tuarek"]
[Result "1/2-1/2"]
[WhiteElo "1607"]
[BlackElo "1702"]

1. Nc3 e5 2. e3 Nf6 3. Bc4 Bb4 4. Nd5 Nxd5 5. Bxd5 Qf6 6. c3 Bc5 7. Bxf7+ Kxf7
8. Nf3 d6 9. h3 Re8 10. O-O Qg6 11. d4 exd4 12. exd4 Bxh3 13. Ng5+ Kg8 14. Nxh3
Bb6 15. Nf4 Qf5 16. a4 a5 17. Qf3 c6 18. g4 Qe4 19. Qg3 Qe7 20. Bd2 Qg5 21. Rad1
Qf6 22. g5 Qf5 23. Rb1 Nd7 24. b4 Bc7 25. bxa5 Rxa5 26. Rxb7 Bd8 27. Rfb1 Be7
28. d5 cxd5 29. c4 Rxa4 30. Nxd5 Rxc4 31. Ne3 Qxg5 32. Qxg5 Bxg5 33. Nxc4 Bxd2
34. Nxd2 Ne5 35. R7b6 d5 36. Rd6 Ng4 37. Rxd5 Re2 38. Rb8+ Kf7 39. Nc4 Rxf2 40.
Kh1 Rf1+ 41. Kg2 Rc1 42. Ne5+ 1/2-1/2

[Event "AUTO-INT-2678"]
[Site "http://www.queenalice.com/game.php?id=1198903"]
[Date "2013.7.11"]
[Round "1"]
[White "Tuarek"]
[Black "TorresR"]
[Result "0-1"]
[WhiteElo "1712"]
[BlackElo "1772"]

1. e4 e5 2. Nf3 Nc6 3. d4 exd4 4. Nxd4 Ne5 5. Bf4 Ng6 6. Bg3 Bc5 7. Nf5 Qf6 8.
Nc3 d6 9. Nd5 Qxb2 10. Nxc7+ Kf8 11. Nxa8 Bb4+ 12. Ke2 Ne5 13. Nc7 g6 14. Ne3
Nf6 15. f3 Qc3 16. Ncd5 Qc6 17. Nxf6 Nc4 18. Qd4 Nxe3 19. Kxe3 Bc5 20. Kd3 Bxd4
21. Kxd4 Kg7 22. e5 Qc5+ 23. Ke4 Qxc2+ 24. Bd3 Bf5+ 25. Kf4 Qxd3 26. Rhd1 Qc4+
27. Ne4 dxe5+ 28. Ke3 Rc8 29. Bxe5+ Kg8 30. Nf6+ Kg7 31. Ne4+ Kf8 32. Nd6 Qc5+
33. Ke2 Qxe5+ 34. Kf2 Qb2+ 35. Kg3 Rc2 36. Nxf5 Rxg2+ 37. Kf4 gxf5 38. Kxf5 Rxh2
39. Rab1 Qxa2 40. Kf6 Qe6+ 41. Kg5 Qg6+ 42. Kf4 Qf6+ 43. Kg3 Qh4# 0-1

[Event "AUTO-INT-2678"]
[Site "http://www.queenalice.com/game.php?id=1198904"]
[Date "2013.7.11"]
[Round "1"]
[White "TorresR"]
[Black "Tuarek"]
[Result "0-1"]
[WhiteElo "1756"]
[BlackElo "1728"]

1. d4 d5 2. Bg5 h6 3. Bh4 g5 4. Bg3 e6 5. e3 Bg7 6. Nf3 Nc6 7. Bb5 Bd7 8. O-O
Nf6 9. c4 Ne4 10. cxd5 exd5 11. Bxc6 Bxc6 12. Nbd2 Nxg3 13. fxg3 Qe7 14. Nb3
O-O-O 15. Nc5 Bb5 16. Qb3 c6 17. a4 Bxf1 18. Kxf1 Rhe8 19. Ke2 g4 20. Nh4 Bxd4
21. Nf5 Qxc5 22. Nxd4 Qxd4 23. Kf2 Qd2+ 0-1

[Event "AUTO-INT-2582"]
[Site "http://www.queenalice.com/game.php?id=1206465"]
[Date "2013.8.8"]
[Round "2"]
[White "Tuarek"]
[Black "NickThorp"]
[Result "1-0"]
[WhiteElo "1698"]
[BlackElo "1659"]

1. e4 e5 2. Nf3 Nc6 3. d4 exd4 4. Nxd4 Nf6 5. Nxc6 bxc6 6. Bg5 Be7 7. Bd3 d6 8.
O-O O-O 9. Nc3 Rb8 10. Qf3 Bg4 11. Qg3 h6 12. Bxf6 Bxf6 13. Qxg4 Bxc3 14. bxc3
Re8 15. Qf5 Re5 16. Qg4 Rb2 17. Rfb1 Qb8 18. Qd1 d5 19. f3 dxe4 20. Bxe4 c5 21.
Qc1 Rxb1 22. Rxb1 Qd8 23. Qd1 Qe8 24. Qd3 Qe6 25. Rb8+ 1-0

[Event "AUTO-INT-2582"]
[Site "http://www.queenalice.com/game.php?id=1206466"]
[Date "2013.8.8"]
[Round "2"]
[White "NickThorp"]
[Black "Tuarek"]
[Result "1-0"]
[WhiteElo "1679"]
[BlackElo "1708"]

1. e4 e5 2. Nf3 d6 3. Bc4 h6 4. h3 Nf6 5. d3 a6 6. Nc3 Nc6 7. O-O Be7 8. Be3 O-O
9. Nd5 b5 10. Bb3 Na5 11. c4 Nxd5 12. cxd5 f5 13. Qc2 f4 14. Bd2 Nb7 15. Rac1
Nc5 16. Bb4 a5 17. Bxc5 dxc5 18. a4 Ba6 19. Nxe5 Bd6 20. Nc6 Qe8 21. Nxa5 Qg6
22. f3 Bc8 23. Nc6 Bxh3 24. axb5 Rf6 25. Kh2 Qg3+ 26. Kg1 Rg6 27. Rf2 Rg5 28.
Kf1 Bd7 29. Bc4 Re8 30. Qe2 Rh5 31. Ke1 Bxc6 32. bxc6 Kh8 33. Kd2 Be5 34. b3 Bd4
35. Rff1 Be3+ 36. Kc2 Bxc1 37. Kxc1 Ra8 38. Kb2 Qh2 39. Rf2 Rg5 40. g4 Qg1 41.
Qf1 Qxf1 42. Rxf1 Re5 43. Rh1 Rae8 44. Ka3 Rg5 45. Ka4 Ra8+ 46. Kb5 Re5 47. Kxc5
Ree8 48. b4 Reb8 49. b5 Ra5 50. d6 cxd6+ 51. Kxd6 Rd8+ 52. Kc7 Raa8 53. Be6 Rxd3
54. Rf1 Rc3 55. b6 Ra6 56. Rb1 Rxf3 57. b7 Rc3 58. Bd5 Ra7 59. Kb6 Raa3 60.
b8=Q+ Kh7 61. Qxf4 Kh8 62. c7 1-0

[Event "AUTO-INT-2582"]
[Site "http://www.queenalice.com/game.php?id=1206467"]
[Date "2013.8.8"]
[Round "2"]
[White "Tuarek"]
[Black "CliffOliveira"]
[Result "0-1"]
[WhiteElo "1711"]
[BlackElo "2036"]

1. e4 c5 2. Nf3 g6 3. Bc4 Bg7 4. Ng5 e6 5. d3 Nf6 6. Nc3 O-O 7. Be3 d6 8. O-O
Nc6 9. a3 Ne5 10. Bb3 Bd7 11. Bf4 Nh5 12. Bd2 Nc6 13. Nb5 Bc8 14. Bc3 Bxc3 15.
Nxc3 Qxg5 16. Nb5 Qe7 17. Bc4 a6 18. Nc3 b5 19. Ba2 b4 20. axb4 cxb4 21. Ne2 e5
22. Bd5 Bb7 23. Ra4 a5 24. Qa1 Nd4 25. Nxd4 Bxd5 26. exd5 exd4 27. Re1 Qg5 28.
Rxa5 Rxa5 29. Qxa5 Qd2 30. Qa1 Qxc2 31. Rd1 Nf4 32. Qb1 Qxb1 33. Rxb1 Nxd5 34.
h3 b3 35. Rc1 Nf4 36. Rd1 Rc8 37. Kh2 Rc2 38. Kg3 g5 39. h4 f6 40. hxg5 fxg5 41.
Kf3 Rxb2 42. Ke4 Rxf2 43. Kxd4 b2 44. Ke3 Rxg2 45. d4 Ne2 46. d5 Nc1 0-1

[Event "AUTO-INT-2582"]
[Site "http://www.queenalice.com/game.php?id=1206468"]
[Date "2013.8.8"]
[Round "2"]
[White "CliffOliveira"]
[Black "Tuarek"]
[Result "1-0"]
[WhiteElo "2033"]
[BlackElo "1698"]

1. d4 d5 2. c4 e6 3. Nf3 Nc6 4. Nc3 Bb4 5. Bd2 Nf6 6. e3 Bxc3 7. bxc3 O-O 8. Be2
Na5 9. cxd5 exd5 10. O-O Re8 11. Ne5 Ne4 12. c4 b6 13. Bxa5 bxa5 14. Qc2 Qg5 15.
cxd5 Re7 16. Qxe4 Bb7 17. Bd3 Qh6 18. Qg4 Bxd5 19. Be4 Be6 20. Qf3 Rae8 21. Bc6
Rf8 22. Rab1 Bxa2 23. Ra1 Be6 24. Rxa5 Qg5 25. Rfa1 f6 26. Nd7 Qg6 27. Nxf8 Kxf8
28. Rxa7 Kf7 29. Bd5 f5 30. e4 Bxd5 31. exd5 Qf6 32. Qh5+ Qg6 33. Qxg6+ hxg6 34.
Rc1 Kf6 35. Kf1 Rd7 36. Rc6+ Rd6 37. Raxc7 Rxc6 38. dxc6 Ke6 39. Rxg7 1-0

[Event "AUTO-INT-2583"]
[Site "http://www.queenalice.com/game.php?id=1221004"]
[Date "2013.9.30"]
[Round "2"]
[White "pablin"]
[Black "Tuarek"]
[Result "1-0"]
[WhiteElo "1807"]
[BlackElo "1747"]

1. d4 d5 2. c4 e6 3. cxd5 exd5 4. Nc3 Bb4 5. a3 Ba5 6. b4 Bb6 7. Nf3 Bg4 8. Bf4
Bxf3 9. exf3 Qf6 10. Be3 c6 11. b5 Ba5 12. Qd2 Ne7 13. bxc6 Nbxc6 14. Bb5 O-O
15. O-O Bc7 16. Rfe1 Qh4 17. g3 Qf6 18. Bg5 Qxd4 19. Qxd4 Nxd4 20. Bxe7 Nxf3+
21. Kf1 Rfb8 22. Red1 Nxh2+ 23. Kg2 Ng4 24. Nxd5 Ba5 25. Rac1 a6 26. Ba4 b5 27.
Bb3 Re8 28. a4 b4 29. Bxb4 Bxb4 30. Nxb4 h6 31. a5 Re5 32. Ra1 Rb5 33. Rd4 Ne5
34. Bd1 Kh7 35. Bc2+ g6 36. Be4 Ra7 37. f4 Ng4 38. f5 Ne3+ 39. Kh3 gxf5 40. Bd3
Kg6 41. Bxb5 axb5 42. Rd3 Ng4 43. Rd5 Rb7 44. a6 Ra7 45. Rxb5 Kg5 46. Rb7 1-0

[Event "AUTO-INT-2583"]
[Site "http://www.queenalice.com/game.php?id=1221005"]
[Date "2013.9.30"]
[Round "2"]
[White "Tuarek"]
[Black "pablin"]
[Result "1/2-1/2"]
[WhiteElo "1731"]
[BlackElo "1774"]

1. e4 e5 2. Nf3 Nf6 3. d3 Nc6 4. Be2 Bb4+ 5. c3 Ba5 6. Nbd2 O-O 7. Nc4 Bb6 8.
Nxb6 axb6 9. Bg5 h6 10. Bh4 g5 11. Bg3 d5 12. Nxe5 dxe4 13. O-O Re8 14. Ng4 Nxg4
15. Bxg4 Bxg4 16. Qxg4 exd3 17. Rfd1 Ne5 18. Bxe5 Rxe5 19. Rd2 b5 20. Qg3 Rd5
21. a3 c5 22. Rad1 c4 1/2-1/2

[Event "AUTO-INT-2583"]
[Site "http://www.queenalice.com/game.php?id=1221008"]
[Date "2013.9.30"]
[Round "2"]
[White "Tuarek"]
[Black "clark7a2"]
[Result "1-0"]
[WhiteElo "1741"]
[BlackElo "1537"]

1. e4 e5 2. Nf3 d6 3. d4 exd4 4. Nxd4 Nc6 5. Bb5 Bd7 6. Nxc6 Bxc6 7. Bxc6+ bxc6
8. Nc3 h6 9. O-O Nf6 10. Qf3 Be7 11. Rd1 O-O 12. Be3 Nh7 13. Qg3 Bg5 14. Bd4 c5
15. Be3 Bxe3 16. Qxe3 Rb8 17. b3 Re8 18. Nd5 Nf6 19. Nxf6+ Qxf6 20. f3 a5 21. a4
Rb6 22. Rab1 Reb8 23. Rd5 Rb4 24. Rf5 Qd4 25. Qxd4 Rxd4 26. Re1 Rd2 27. Rc1 Rb4
28. e5 dxe5 29. Rxe5 Rbd4 30. Rxc5 Rd7 31. Rxa5 Re7 32. Kf1 Ree2 33. g4 Rf2+ 34.
Kg1 Rg2+ 35. Kh1 Rxh2+ 36. Kg1 Rhg2+ 37. Kh1 Rh2+ 38. Kg1 1-0

[Event "AUTO-INT-2583"]
[Site "http://www.queenalice.com/game.php?id=1221009"]
[Date "2013.9.30"]
[Round "2"]
[White "clark7a2"]
[Black "Tuarek"]
[Result "0-1"]
[WhiteElo "1545"]
[BlackElo "1733"]

1. d4 d5 2. e3 Nf6 3. h3 Nc6 4. Nf3 Bf5 5. Be2 e6 6. O-O Nb4 7. Na3 Qd7 8. c3
Nc6 9. Nh2 Bxa3 10. bxa3 Ne4 11. Bb2 O-O 12. Qe1 a6 13. Bd3 Rfe8 14. Bxe4 Bxe4
15. f3 Bd3 16. Rf2 e5 17. Rd2 Bb5 18. dxe5 Nxe5 19. Rad1 c6 20. Qg3 Ng6 21. e4
Bc4 22. exd5 cxd5 23. Nf1 Bxa2 24. h4 Bb3 25. Re1 Bc4 26. Rxe8+ Rxe8 27. Rd4 Re2
28. Bc1 Rc2 29. Bd2 Qe6 30. h5 Qe5 31. Qxe5 Nxe5 32. Ne3 Ra2 33. Nxc4 Nxc4 34.
Rxd5 h6 35. Bf4 Rxa3 0-1

[Event "AUTO-INT-2677"]
[Site "http://www.queenalice.com/game.php?id=1244260"]
[Date "2013.12.31"]
[Round "2"]
[White "brumbaz"]
[Black "Tuarek"]
[Result "0-1"]
[WhiteElo "1708"]
[BlackElo "1764"]

1. e4 e5 2. Nf3 d6 3. Bd3 Qf6 4. O-O Bg4 5. b3 Bxf3 6. Qxf3 Qxf3 7. gxf3 a6 8.
Nc3 Nf6 9. a4 Nc6 10. Bb2 Nd4 11. Rfe1 Nxf3+ 12. Kf1 Nxe1 13. Kxe1 Be7 14. Ke2
O-O 15. Rg1 Nh5 16. Nd5 Bd8 17. Ke1 c6 0-1

[Event "AUTO-INT-2677"]
[Site "http://www.queenalice.com/game.php?id=1244261"]
[Date "2013.12.31"]
[Round "2"]
[White "Tuarek"]
[Black "brumbaz"]
[Result "1-0"]
[WhiteElo "1749"]
[BlackElo "1723"]

1. e4 e5 2. Nf3 Bd6 3. d4 Nc6 4. d5 Nd4 5. Nxd4 exd4 6. Qxd4 Nf6 7. e5 Bxe5 8.
Qxe5+ Qe7 9. Qxe7+ Kxe7 10. Bg5 Re8 11. Be2 Kf8 12. Bxf6 gxf6 13. Nc3 d6 14. O-O
Re5 15. Bd3 h5 16. h4 Bg4 17. Ne4 1-0

[Event "AUTO-ADV-3099"]
[Site "http://www.queenalice.com/game.php?id=1264201"]
[Date "2014.3.12"]
[Round "1"]
[White "Eggchaser"]
[Black "Tuarek"]
[Result "1-0"]
[WhiteElo "1722"]
[BlackElo "1778"]

1. e4 e5 2. Nf3 d6 3. d4 Bg4 4. dxe5 Bxf3 5. Qxf3 dxe5 6. Bc4 Qf6 7. Qb3 b6 8.
Nc3 Bc5 9. O-O Ne7 10. Nb5 Bd6 11. Be3 a6 12. Nxd6+ cxd6 13. Qxb6 O-O 14. Rad1
Nc8 15. Qb7 Na7 16. Qxa8 Nbc6 17. Qb7 a5 18. Bxa7 Nxa7 19. Qxa7 Qd8 20. Qa6 Qc8
21. Rxd6 Qa8 22. Qxa8 Rxa8 23. Rd7 Rf8 24. Rfd1 Kh8 25. Rxf7 Rb8 26. b3 h6 27.
Rdd7 1-0

[Event "AUTO-ADV-3099"]
[Site "http://www.queenalice.com/game.php?id=1264202"]
[Date "2014.3.12"]
[Round "1"]
[White "Tuarek"]
[Black "Eggchaser"]
[Result "1-0"]
[WhiteElo "1769"]
[BlackElo "1835"]

1. e4 c5 2. Nf3 d6 3. d4 cxd4 4. Nxd4 Nf6 5. Nc3 a6 6. Bc4 e6 7. Bg5 Be7 8. Qf3
O-O 9. O-O-O Nbd7 10. Qg3 b5 11. Bd3 Bb7 12. Bh6 Nh5 13. Qg4 Ne5 14. Qxh5 g6 15.
Qh3 Nxd3+ 16. Rxd3 Re8 17. Kb1 b4 18. Nce2 Bxe4 19. Re3 Bd5 20. Nf4 Qa5 21. b3
Bf6 22. Nfe2 Qd8 23. Qg3 Qb6 24. Bf4 Bxd4 25. Nxd4 Qxd4 26. Bxd6 f5 27. Qh3 a5
28. Be5 Qa7 29. Qh4 Rf8 30. Bd4 Qb7 31. f3 Rac8 32. Qf4 Qc7 33. Qxc7 Rxc7 34.
Bb6 1-0

[Event "AUTO-ADV-3099"]
[Site "http://www.queenalice.com/game.php?id=1264215"]
[Date "2014.3.12"]
[Round "1"]
[White "Tuarek"]
[Black "MSchatz"]
[Result "0-1"]
[WhiteElo "1773"]
[BlackElo "2063"]

1. e4 e6 2. d4 d5 3. e5 c5 4. c3 cxd4 5. cxd4 Nc6 6. Bb5 Ne7 7. Bg5 Bd7 8. Nc3
Qb6 9. Bxc6 Bxc6 10. b3 Nf5 11. Nge2 h6 12. Bc1 Bb4 13. O-O Bxc3 14. Nxc3 Qxd4
15. Qxd4 Nxd4 16. f4 Nf5 17. Bd2 O-O 18. Be1 Ne3 19. Rf2 Nf5 20. Ne2 Rac8 21.
Rc1 Bb5 22. Rc3 Rxc3 23. Nxc3 Bc6 24. Ne2 g6 25. Bb4 Rc8 26. Bd2 Bb5 27. Nc3 Bc6
28. g3 a6 29. Ne2 Kg7 30. Bc3 Bb5 31. Bd2 Bxe2 32. Rxe2 Rc2 33. a4 Nd4 0-1

[Event "AUTO-ADV-3099"]
[Site "http://www.queenalice.com/game.php?id=1264216"]
[Date "2014.3.12"]
[Round "1"]
[White "MSchatz"]
[Black "Tuarek"]
[Result "1-0"]
[WhiteElo "2028"]
[BlackElo "1760"]

1. e4 e5 2. Nf3 d6 3. Bc4 h6 4. h3 Nf6 5. Nc3 a6 6. d3 b5 7. Bb3 Nbd7 8. O-O Bb7
9. Be3 Bc6 10. Qd2 a5 11. a4 b4 12. Ne2 Be7 13. Ng3 O-O 14. Nf5 Nh7 15. Nxe7+
Qxe7 16. Nh2 Qf6 17. f4 Qe7 18. Ng4 Nhf6 19. Nxf6+ Qxf6 20. Rf2 Rae8 21. Raf1
Qg6 22. f5 Qf6 23. Rf3 Rb8 24. Rg3 Kh7 25. Bf2 Ra8 26. Rg4 h5 27. Rg5 Qh6 28.
Be3 Qf6 29. Rxh5+ Kg8 30. Bg5 g6 31. Bxf6 gxh5 32. Qg5+ 1-0

[Event "AUTO-ADV-3099"]
[Site "http://www.queenalice.com/game.php?id=1264217"]
[Date "2014.3.12"]
[Round "1"]
[White "Tuarek"]
[Black "a13tc38920"]
[Result "1-0"]
[WhiteElo "1755"]
[BlackElo "1808"]

1. e4 c5 2. Nf3 d6 3. d4 cxd4 4. Nxd4 Nf6 5. Nc3 e6 6. Bg5 Be7 7. Bd3 a6 8. O-O
O-O 9. Qf3 Qc7 10. Qg3 Nbd7 11. Bh6 Nh5 12. Qg4 Ndf6 13. Qg5 Kh8 14. Bxg7+ Nxg7
15. Qh4 Qc5 16. Nf3 e5 17. Nd5 Nxd5 18. Ng5 Nf4 19. Qxh7# 1-0

[Event "AUTO-ADV-3099"]
[Site "http://www.queenalice.com/game.php?id=1264218"]
[Date "2014.3.12"]
[Round "1"]
[White "a13tc38920"]
[Black "Tuarek"]
[Result "1/2-1/2"]
[WhiteElo "1800"]
[BlackElo "1788"]

1. d4 d5 2. c4 e6 3. cxd5 exd5 4. Nc3 Bb4 5. Bf4 Nf6 6. e3 Bxc3+ 7. bxc3 Ne4 8.
Qc2 Nd7 9. Bd3 Nef6 10. Nf3 Nh5 11. O-O Nxf4 12. exf4 Qf6 13. Rfe1+ Kd8 14. g3
Nb6 15. Ng5 h6 16. Nf3 Bg4 17. Ne5 Be6 18. Qb1 Ke7 19. Ng4 Kd6 20. Qb4+ Kd7 21.
f5 Qe7 22. fxe6+ fxe6 23. Ne5+ Ke8 24. Qxe7+ Kxe7 25. Ng6+ Kf7 26. Nxh8+ Rxh8
27. Re5 Nd7 28. Re2 a6 29. Rae1 1/2-1/2